书目信息 |
| 题名: |
建筑模数协调标准
|
|
| 作者: | ;林琳 起草 ;中国 主编 | |
| 分册: | ||
| 出版信息: | 北京 中国计划出版社 2013 |
|
| 页数: | 41页 | |
| 开本: | 20cm | |
| 丛书名: | 中华人民共和国国家标准 | |
| 单 册: | ||
| 中图分类: | TU-65 | |
| 科图分类: | ||
| 主题词: | 建筑模数--Jian Zhu Mo Shu--国家标准--中国 | |
| 电子资源: | ||
| ISBN: | ||
| 000 | 01180nam 2200313 450 | |
| 001 | 142519 | |
| 005 | 20141221160837.76 | |
| 010 | @dCNY 10.00 | |
| 091 | @a15112·23779 | |
| 094 | @aCN@bGB 50867-2013 | |
| 099 | @aCAL 012014063124 | |
| 100 | @a20140522d2013 ekmy0chiy50 ea | |
| 101 | 0 | @achi |
| 102 | @aCN@b110000 | |
| 105 | @aa l 000yy | |
| 200 | 1 | @a建筑模数协调标准@AJian Zhu Mo Shu Xie Tiao Biao Zhun@d= Standard for modular coordination of building@f中华人民共和国住房和城乡建设部@zeng |
| 210 | @a北京@c中国计划出版社@d2013 | |
| 215 | @a41页@d20cm | |
| 225 | 2 | @a中华人民共和国国家标准@AZhong Hua Ren Min Gong He Guo Guo Jia Biao Zhun |
| 300 | @a本规范自2014年3月1日起实施 | |
| 314 | @a主要起草人: 林琳 ... [等] | |
| 410 | 0 | @12001@a中华人民共和国国家标准@AZhong Hua Ren Min Gong He Guo Guo Jia Biao Zhun |
| 510 | 1 | @aCode for measurement of the reverberation time in rooms@zeng |
| 606 | 0 | @a建筑模数@AJian Zhu Mo Shu@x国家标准@y中国 |
| 690 | @aTU-65@v5 | |
| 702 | 0 | @a林琳@ALin Lin@4起草 |
| 711 | 01 | @a中国@AZhong Guo@b住房和城乡建设部@BZhu Fang He Cheng Xiang Jian She Bu@4主编 |
| 801 | 0 | @aCN@bXMU@c20141221 |
| 905 | @a241430@dTU-65@eZ9118\ | |
| 建筑模数协调标准= Standard for modular coordination of building/中华人民共和国住房和城乡建设部.-北京:中国计划出版社,2013 |
| 41页;20cm.-(中华人民共和国国家标准) |
| 本规范自2014年3月1日起实施 |
| ISBN :CNY 10.00 |
| ● |
| 相关链接 |
|
|
|
正题名:建筑模数协调标准
索取号:TU-65/Z9118\
 
预约/预借
| 序号 | 登录号 | 条形码 | 馆藏地/架位号 | 状态 | 备注 |
| 1 | 1135153 | 211351534 | 建筑库101/101建筑库 15排2列3层/ [索取号:TU-65/Z9118\] | 在馆 | |
| 2 | 1135154 | 211351543 | 建筑库101/101建筑库 15排2列3层/ [索取号:TU-65/Z9118\] | 在馆 | |
| 3 | 1135155 | 211351552 | 建筑库101/101建筑库 15排2列3层/ [索取号:TU-65/Z9118\] | 在馆 |